000 01287nam a22003377a 4500
001 0017275
003 KOHA_MİRAKIL
005 20260207002134.0
007 ta
008 100517b2009 tu |||gr||||#||||0|tur |
020 _a9789944252287
_c0,01
040 _aTR-BiSEU
_btur
_cTR-BiSEU
_erda
041 0 _atur
044 _ctu
050 _aLB2331
_b.T87 2009
245 0 _aTürkiye'de üniversite anlayışının gelişimi II ( 1961-2007)/
_ceditörler Tarık Çelik, İlhan Tekeli.
264 1 _aAnkara :
_bTÜBA
_c2009
300 _a763 sayfa; 23 cm.
336 _ametin
_btxt
_2rdacontent
337 _aaracısız
_bn
_2rdamedia
338 _acilt
_bnc
_2rdacarrier
490 1 _aTÜBA Bilim Düşün Dizisi ;
_v19.
500 _aKaynakça var.
505 _a1. Bölüm
_x1961 Sonrasında Üniversite Sisteminin Evrimi
_x2. Bölüm
_xTürkiye'de Bilim ve Teknolojiyi Yönlendiren Üst Kurumlar
_x3. Bölüm
_xTürkiye'nin Bilim Alanında Ulaştığı Başarı Düzeyi
_x4. Bölüm
_xÜniversitelerden Örnekler.
650 0 _aTürkiye--Üniversiteler.
_940038
650 0 _aTurkey--Universities.
_940039
650 0 _aYükseköğretim--Türkiye.
_930951
650 0 _aEducation, Higher--Turkey.
_918682
830 1 _aTÜBA Bilim Düşün Dizisi ;
_v19.
_940040
942 _2lcc
_cBK
999 _c17232
_d17232